000 00613nam a2200193 a 4500
001 11026
003 CO-ViMGA
008 141112s2004 ck r 000 u spa d
020 _a9589602770
040 _aCO-ViMGA
_bspa
_cCO-ViMGA
082 0 4 _a629.04 Ch545
100 1 _aChocontá Rojas, Pedro Antonio
_915218
245 1 0 _aDiseño Geometrico de Vías
260 _aSantafé de Bogotá,
_cEditorial Escuela Colombiana de Ingeniería,
_c1998
300 _a226 p.
650 1 4 _aCONSTRUCCION DE CARRETERAS - PROBLEMAS - EJERCICIOS
_915219
650 1 4 _aINGENIERIA DE TRANSITO - ENSEÑANZA
_915220
942 _2ddc
_cBK
999 _c22242
_d22242